Manual para la evaluación de campo de la degradación de la tierra

Furkejuvvon:
Bibliográfalaš dieđut
Váldodahkkit: Stocking, Michael (Dahkki), Murnaghan, Niamh (Dahkki)
Materiálatiipa: Girji
Giella:espánnjágiella
Almmustuhtton: Madrid Mundi-Prensa 2003
Preanttus:1a. ed
Fáttát:
Fáddágilkorat: Lasit fáddágilkoriid
Eai fáddágilkorat, Lasit vuosttaš fáddágilkora!

MARC

LEADER 00000nam a2200000 a 4500
001 UCK6398
003 CL-VaPUC
008 050930e20030000SP |||||||||||||||||spa|d
020 |a 8484761142 
082 0 4 |a 631.45  |b STO  |2 21 
100 0 |a Stocking, Michael  |e author  |9 495594 
700 0 |a Murnaghan, Niamh  |e author  |9 495595 
245 1 0 |a Manual para la evaluación de campo de la degradación de la tierra 
250 |a 1a. ed 
300 |a 173 p 
942 |c BK 
945 |d 20050930 00:00:00  |a cmena 
260 |a Madrid  |b Mundi-Prensa  |c 2003 
650 0 |a Erosión del suelo  |9 361524 
650 0 |a Agricultura  |9 255598 
650 0 |a Propiedades del suelo  |9 350106 
583 |a last modification  |c 20050930 00:00:00  |k Rodrigo Vera 
999 |c 314685  |d 314683 
952 |0 0  |1 0  |4 0  |6 631_450000000000000_STO_2003  |7 0  |8 A  |9 387336  |a BIBAGR  |b BIBAGR  |d 2019-11-22  |i 4171128  |l 2  |o 631.45 STO 2003  |p 4171128  |r 2025-04-09  |s 2025-04-02  |w 2019-11-22  |y BK  |k AGR